Statistics for People by Country #3

Click here to take the quiz!

General Stats

  • This quiz has been taken 35,634 times
  • The average score is 16 of 24

Answer Stats

PersonCountry% Correct
Louis ArmstrongUnited States
98%
Leon TrotskyRussia
90%
ConfuciusChina
88%
HirohitoJapan
88%
Lorenzo de' MediciItaly
82%
Hugh JackmanAustralia
81%
Pope John Paul IIPoland
74%
MohammedSaudi Arabia
73%
Pablo EscobarColombia
72%
Francisco GoyaSpain
69%
Novak DjokovicSerbia
68%
Alfred NobelSweden
68%
Eva PerónArgentina
67%
Roald AmundsenNorway
65%
Ban Ki-moonSouth Korea
64%
Jean-Paul MaratFrance
63%
William Butler YeatsIreland
62%
Frida KahloMexico
58%
Charlize TheronSouth Africa
53%
Robert MugabeZimbabwe
53%
Manny PacquiaoPhilippines
50%
Edmund HillaryNew Zealand
47%
Mario LemieuxCanada
45%
St. AugustineAlgeria
15%

Score Distribution

Percentile by Number Answered

Percent of People with Each Score

Your Score History

You have not taken this quiz